000 00598nam a2200181 4500
001 4694
005 20181127173937.0
090 0 0 _aBA Pol. Sci No. 20
245 0 0 _aYouth suicide /
_b
_cStudent Work.
_h
260 0 0 _a[Thimphu] :
_b[Royal Thimphu College],
_c2014.
300 _a23 leaves.
_b
_c
_e
500 _aStudent research project for BA Pol Sic :(Spring 2014); Dolma Roder, lecturer
500 0 0 _aSpiral-bound xerographic copy.
650 _aCapstone Project.
_v
_x
_y
_z
_2
650 _aSuicide --Prevention
_v
_x
_y
_zBhutan.
_2
650 _aYouth --Suicidal behavior.
_v
_x
_y
_z
_2
650 0 0 _aBhutan.
_x
999 _c3898
_d3898